Evaluación de Medio Término del Programa de Inversión Social Municipal BID 1679/SF - NI

Presenta evaluación de programa de inversión social municipal del BID, la evaluación está orientada a determinar el grado de avance del programa e identificar los obstáculos surgidos en su implementación en sus distintos componentes de acuerdo a las metas planificadas para el período.

Bibliographic Details
Main Author: Álvarez García, Sergio Enrique
Other Authors: Tutor: Chavarría Carrión, Sixto Leonardo
Format: Tesis Section = Libro
Language:Undetermined
Spanish
Published: Managua UNI 2010
Subjects:
LEADER 01137nam a2200241Ia 4500
008 240830s9999 xx 000 0 und d
040 |a BIBLIOTECA-RUSB/ M.Mon 658.4032 A473 
041 |a spa 
082 |a M.Mon 658.4032 A473 
100 1 |a Álvarez García, Sergio Enrique 
245 1 0 |a Evaluación de Medio Término del Programa de Inversión Social Municipal BID 1679/SF - NI 
260 |a Managua  |b UNI  |c 2010 
300 |a 105 p. :il. 
500 |a Contiene: anexos. 
502 |a Tesis (Máster en Gerencia de Proyectos de Desarrollo) - UNI, 2010. 
520 3 |a Presenta evaluación de programa de inversión social municipal del BID, la evaluación está orientada a determinar el grado de avance del programa e identificar los obstáculos surgidos en su implementación en sus distintos componentes de acuerdo a las metas planificadas para el período. 
650 7 |a ADMINISTRACIÓN EJECUTIVA - PROGRAMA SOCIAL MUNICIPAL 
650 7 |b  EVALUACIÓN DE PROGRAMAS 
650 7 |c  INVERSIÓN PÚBLICA SOCIAL 
700 1 |a Tutor:  |b Chavarría Carrión, Sixto Leonardo 
942 |c BK  |2 ddc 
991 |a TESIS 
999 |c 19425